Bahar-E-Nao (Record no. 757)

MARC details
000 -LEADER
fixed length control field 00590nam a2200241 a 4500
020 ## - INTERNATIONAL STANDARD BOOK NUMBER
ISBN
082 00 - DEWEY DECIMAL CLASSIFICATION NUMBER
Classification number 297.8
Author Cutter PAR2
100 ## - MAIN ENTRY--AUTHOR NAME
Author name Parvez, Ghulam Parwez
245 ## - TITLE STATEMENT
Title Bahar-E-Nao
260 ## - PUBLICATION, DISTRIBUTION, ETC. (IMPRINT)
Place of publication Lahore
Name of publisher Idara-E-Tuloo-E-Islam
Year of publication 0000
300 ## - PHYSICAL DESCRIPTION
Number of Pages 384p
500 ## - GENERAL NOTE
General note includes index and biblioraphy
505 2# - FORMATTED CONTENTS NOTE
Formatted contents note Appendix, Bibliography
650 ## - SUBJECT ADDED ENTRY--TOPICAL TERM
Topical Term Islam-Sects-Sunni
942 ## - ADDED ENTRY ELEMENTS (KOHA)
Koha item type Books
700 1# -
-- Parvez, Ghulam Parwez
Holdings
Collection code Home library Current library Date acquired Cost, normal purchase price Full call number Accession Number Koha item type
  Henry Martyn Institute Library Henry Martyn Institute Library 06/26/2007 100.00 297.8 PAR2 03356 Books
                   Copyright © 2026 | Henry Martyn Institute | Hyderabad | TS-500052 | INDIA | Implemented by hmi.edu.in
Hit-Count:

Powered by Koha